Entretiens sur la vie de Napoléon (Record no. 164321)
[ view plain ]
| 000 -LEADER | |
|---|---|
| campo de control de longitud fija | 01167nam a2200265 i 4500 |
| 001 - NÚMERO DE CONTROL | |
| campo de control | 164321 |
| 003 - IDENTIFICADOR DE NÚMERO DE CONTROL | |
| campo de control | ES-MaACL |
| 005 - FECHA Y HORA DE LA ÚLTIMA TRANSACCIÓN | |
| campo de control | 20230906212920.0 |
| 008 - DATOS DE LONGITUD FIJA--INFORMACIÓN GENERAL | |
| campo de control de longitud fija | 040831s1839 fr ac |||| | fre d |
| 040 ## - FUENTE DE CATALOGACIÓN | |
| Centro catalogador/agencia de origen | CAM |
| Lengua de catalogación | spa |
| Centro/agencia transcriptor | CAM |
| 100 1# - ENTRADA PRINCIPAL--NOMBRE DE PERSONA | |
| Nombre de persona | Saint-Hilaire, Emile Marco de. |
| 9 (RLIN) | 132286 |
| 245 10 - MENCIÓN DEL TÍTULO | |
| Título | Entretiens sur la vie de Napoléon |
| Resto del título | : depuis sa naissance jusqu'a sa mort / |
| Mención de responsabilidad, etc. | recueillis par Emile Marco de St-Hilaire. |
| 260 ## - PUBLICACIÓN, DISTRIBUCIÓN, ETC. | |
| Lugar de publicación, distribución, etc. | Paris ; |
| -- | Pitois-Levrault et C., libraires, |
| Fecha de publicación, distribución, etc. | 1839 ( |
| Fabricante | Imprimerie d'Hippolyte Tilliard) |
| 300 ## - DESCRIPCIÓN FÍSICA | |
| Extensión | 144, 144 p., [2] h. de lám. ; |
| Dimensiones | 14 cm. |
| 490 1# - MENCIÓN DE SERIE | |
| Mención de serie | Maitre Pierre ou Le savant de village |
| 490 1# - MENCIÓN DE SERIE | |
| Mención de serie | Bibliothèque de l'instruction populaire ; |
| Designación de volumen o secuencia | 42 ; 43 |
| 597 ## - NOTA DE DESCRIPCIÓN FÍSICA | |
| NOTA DE DESCRIPCIÓN FÍSICA | Enc. 2 t. en 1 v. |
| 598 ## - NOTA LOCAL | |
| Nota local | Segunda serie tomada de la BN Opale-Plus. |
| 600 04 - PUNTO DE ACCESO ADICIONAL DE MATERIA--NOMBRE DE PERSONA | |
| Nombre de persona | Napoleón |
| Numeración | I |
| Títulos y otros términos asociados al nombre | , Emperador de Francia. |
| 9 (RLIN) | 84910 |
| 740 01 - ENTRADA AGREGADA--TÍTULO RELACIONADO/ANALÍTICO NO CONTROLADO | |
| Título relacionado o analítico no controlado | Maitre Pierre ou Le savant de village. |
| 830 0# - PUNTO DE ACCESO ADICIONAL DE SERIE-TÍTULO UNIFORME | |
| Título uniforme | Maitre Pierre ou Le savant de village |
| 9 (RLIN) | 187710 |
| 830 0# - PUNTO DE ACCESO ADICIONAL DE SERIE-TÍTULO UNIFORME | |
| Título uniforme | Bibliothèque de l'instruction populaire ; |
| Designación de volumen o secuencia | 42 ; 43 |
| 9 (RLIN) | 187711 |
| 852 ## - LOCALIZACIÓN | |
| Ubicación | ES-MaACL |
| Número de control de estantería | D-5198(1-2) |
| Nota libre | -- Enc. hol. |
| Encuadernación | -- Edic.: en el lomo consta : Instruction populaire |
| Estatus retirado | Estado de pérdida | Estado de daño | No para préstamo | Colección | Biblioteca de origen | Biblioteca actual | Ubicación en estantería | Fecha de adquisición | Total de préstamos | Signatura topográfica completa | Código de barras | Visto por última vez | Precio de reemplazo | Tipo de ítem Koha |
|---|---|---|---|---|---|---|---|---|---|---|---|---|---|---|
| Libros del s. XIX | Biblioteca del Ateneo de Madrid | Biblioteca del Ateneo de Madrid | Sala Valle Inclán | 17/01/2008 | D-5198(1-2) | 901172235 | 23/02/2023 | 23/02/2023 | Libro impreso antiguo |
